000 01768nam a2200505 i 4500
001 529
003 KOSZ 005
005 20200131102857.0
008 200131s1979 pl a f 000 0 pol
015 _aPB 1979/8694
020 _a8321329292
035 _a991015140469705066
035 _a(PL-WaBN)b14067055-48omnis_nlop
035 _ab14067055
035 _a(OCoLC)751518745
035 _a(PL)b0000001406705
035 _a(EXLNZ-48OMNIS_NETWORK)9910355055405606
040 _aWA N
_cWA N
_dKOSZ 005/RW
046 _k1979
080 _a624.014.2
080 _a725.1:66/69
100 1 _aBródka, Jan
_d(1929- )
_eAutor
245 1 0 _aSHS "Mostostal" :
_bsystem konstrukcyjno-montażowy stalowych hal o przekryciach strukturalnych /
_c[Jan Bródka].
260 _aWarszawa :
_b"Arkady",
_c1979.
300 _a62, [1] strony :
_bilustracje ;
_c30 cm.
336 _aTekst
_btxt
_2rdacontent
337 _aBez urządzenia pośredniczącego
_bn
_2rdamedia
338 _aWolumin
_bnc
_2rdacarrier
380 _aKsiążki
380 _aPublikacje fachowe
388 _a1901-2000
490 1 _aSystemy Budownictwa Przemysłowego
504 _aBibliografia na stronach 62-[63].
521 8 _aPraca przeznaczona jest dla inżynierów projektantów budownictwa przemysłowego i ogólnego.
650 7 _aHale (budynki)
_2DBN
650 7 _aKonstrukcje
650 7 _aKonstrukcje stalowe
_2DBN
650 7 _aProjekty
658 _aArchitektura i budownictwo
710 2 _aWydawnictwo Arkady
_4pbl
830 0 _aSystemy Budownictwa Przemysłowego
856 _uhttp://koha.tu.koszalin.pl/cgi-bin/koha/opac-detail.pl?biblionumber=529
_yKatalog online BPK
942 _2UKD
_cKS
999 _c529
_d529